| 000 | 00510nam a22001577a 4500 | ||
|---|---|---|---|
| 003 | OSt | ||
| 005 | 20160309161122.0 | ||
| 008 | 160309b xxu||||| |||| 00| 0 eng d | ||
| 040 |
_aKabarak University _cKabarak University |
||
| 100 | _aKiura, Jane M. | ||
| 245 |
_aSexuality and fertility awareness _ba book for boys and girls _cJane M. Kiura |
||
| 260 |
_aNairobi _bSt. Paul Publications _c1986 |
||
| 300 | _a74 p. | ||
| 650 | _aNatural family planning | ||
| 942 |
_2lcc _cBK _hRG136.5 _i.K58 1986 |
||
| 999 |
_c15716 _d15716 |
||